Skróty literowe na mapach morskich (INT 1) dział I oraz J - Statystyki

Ogólne statystyki
  • Ten quiz został rozwiązany 10 razy
  • Średni wynik to 6 z 28
Statystyki odpowiedzi
Hint Odpowiedź % Poprawnych
sy Lepkie
67%
S Piasek
67%
R Skała
67%
ca Wapienne
67%
f Drobnoziarnisty
33%
S/M Dwie warstwy, piasek nad iłem
33%
SD Głębokość wątpliwa
33%
M
33%
St Kamienie
33%
Cb Kamienne otoczaki
33%
Sh Muszle
33%
m Pośredni
33%
Wd Wodorosty, trawa morska
33%
G Żwir
33%
P Drobne kamienie
0%
Bo Głaz
0%
Cy Glina
0%
c Gruboziarnisty
0%
ED Istnienie wątpliwe
0%
Co Koralowce
0%
Rep Meldowane, ale niezbadane
0%
Rep (2011) Meldowane z podaniem roku uzyskania informacji, ale niezbadane
0%
so Miękkie
0%
Si Muł
0%
bk Spękane
0%
sf Sztywne
0%
fS.M.Sh Trzy formy: drobny piasek z iłem i muszle
0%
h Twarde
0%
Nie znaleziono quizów pasujących do podanych kryteriów
Rozkład punktacji
Procent ludzi z każdym wynikiem
Percentyl według liczby udzielonych odpowiedzi
Twoja historia wyników
Nie rozwiązałeś tego quizu